000 00395nam a2200133 a 4500
001 000038412
005 20210920143156.0
008 130411s2006 dr c 000 0 spa d
040 _aDO-SdBNP
_bspa
_cBNPHU
100 1 _aKoldo
_977978
245 1 0 _aDiario de Itzaso /
_cKoldo Campos Sagaseta de Llúrdoz.
260 _aSanto Domingo :
_bEditalibros ,
_c2006.
300 _a170 p. :
_bretrs. , ;
_c21 cm.
999 _c37902
_d37902